| 000 | 00340 a2200133 4500 | ||
|---|---|---|---|
| 999 |
_c324939 _d324939 |
||
| 001 | 89866 | ||
| 003 | NUST | ||
| 082 | _a297.23 SUL | ||
| 100 |
_aSultan Bashir Mahmood _99876 |
||
| 245 | _aQiamat Aur Hayat Baadul Moat | ||
| 260 |
_aIslamabad _bDar-ul-Hokomat International _c2013 |
||
| 300 | _a446p. | ||
| 500 | _aGeneral Books | ||
| 942 |
_aCAE NUST _cBK _k297.23 SUL _2ddc |
||